A treatise of human nature / (Record no. 29945)
[ view plain ]
| 000 -LEADER | |
|---|---|
| fixed length control field | 00816nam a2200241 a 4500 |
| 001 - CONTROL NUMBER | |
| control field | 29945 |
| 003 - CONTROL NUMBER IDENTIFIER | |
| rucl marc code | BD-RjUL |
| 005 - DATE AND TIME OF LATEST TRANSACTION | |
| control field | 20211209051503.0 |
| 008 - FIXED-LENGTH DATA ELEMENTS--GENERAL INFORMATION | |
| fixed length control field | 140408r19511888enk 000 0 eng |
| 035 ## - SYSTEM CONTROL NUMBER | |
| System control number | (BD-RjUL)30030 |
| 040 ## - CATALOGING SOURCE | |
| Original cataloging agency | DLC |
| Transcribing agency | DLC |
| Modifying agency | DLC |
| -- | BD-RjUL |
| Language of cataloging | eng |
| 041 ## - LANGUAGE CODE | |
| Language code of text/sound track or separate title | eng |
| 082 00 - DEWEY DECIMAL CLASSIFICATION NUMBER | |
| Classification number | 128 |
| Author mark and year | HUT 1951 |
| 100 1# - MAIN ENTRY--PERSONAL NAME | |
| Personal name | Hume, David, |
| Dates associated with a name | 1711-1776. |
| 9 (RLIN) | 91111 |
| 245 12 - TITLE STATEMENT | |
| Title | A treatise of human nature / |
| Statement of responsibility, etc. | by David Hume ; Reprinted from the original edition in three volumes and edited with an analytical index by L. A. Selby-Bigge. |
| 250 ## - EDITION STATEMENT | |
| Edition statement | 1st ed. |
| 260 ## - PUBLICATION, DISTRIBUTION, ETC. (IMPRINT) | |
| Place of publication, distribution, etc. | Oxford : |
| Name of publisher, distributor, etc. | Clarendon Press, |
| Date of publication, distribution, etc. | 1888 [Reprinted 1951]. |
| 300 ## - PHYSICAL DESCRIPTION | |
| Pagination | xxiii, 709 p. ; |
| Size | 20 cm. |
| 650 #0 - SUBJECT ADDED ENTRY--TOPICAL TERM | |
| Topical term or geographic name as entry element | Knowledge, Theory of. |
| 9 (RLIN) | 91112 |
| 700 ## - ADDED ENTRY--PERSONAL NAME | |
| Personal name | Selby-Bigge, L. A. (Lewis Amherst), ed. |
| 942 ## - ADDED ENTRY ELEMENTS (KOHA) | |
| Source of classification or shelving scheme | Dewey Decimal Classification |
| Koha item type | Books |
| Lost status | Source of classification or shelving scheme | Damaged status | Not for loan | Collection code | Permanent Location | Current Location | Shelving location | Date acquired | Source of acquisition | Cost, normal purchase price | Total Checkouts | Full call number | Date last seen | Copy number | Koha item type | Date checked out |
|---|---|---|---|---|---|---|---|---|---|---|---|---|---|---|---|---|
| Dewey Decimal Classification | Non-fiction | Central Library, University of Rajshahi | Central Library, University of Rajshahi | Reading Room | 06/08/1955 | O. U. P. | 6.40 | 128 HUT 1951 | 08/04/2014 | C-1 | Books | |||||
| Dewey Decimal Classification | Central Library, University of Rajshahi | Central Library, University of Rajshahi | 08/08/1955 | O. U. P | 6.40 | 128 HUT 1951 | 22/04/2014 | C-3 | Books | |||||||
| Dewey Decimal Classification | Non-fiction | Central Library, University of Rajshahi | Central Library, University of Rajshahi | 02/02/1956 | A.B.C | 9.12 | 2 | 128 HUT 1951 | 01/11/2017 | C-2 | Books | 16/10/2017 | ||||
| Dewey Decimal Classification | Non-fiction | Central Library, University of Rajshahi | Central Library, University of Rajshahi | 18/02/1956 | Allico book cor. | 9.12 | 128 HUT 1951 | 24/09/2018 | C-4 | Books | ||||||
| Dewey Decimal Classification | Non-fiction | Central Library, University of Rajshahi | Central Library, University of Rajshahi | 18/02/1956 | Allico book cor. | 9.12 | 128 HUT 1951 | 24/09/2018 | C-5 | Books |